Statistics for Σημαίες χωρών που συνορεύουν τη Γερμανία

Click here to take the quiz!

General Stats

  • This quiz has been taken 156 times
  • The average score is 8 of 9

Answer Stats

Answer% Correct
Γαλλία
98%
Ελβετία
93%
Βέλγιο
90%
Δανία
88%
Κάτω Χώρες
87%
Τσεχία
87%
Πολωνία
81%
Λουξεμβούργο
80%
Αυστρία
80%

Score Distribution

Percentile by Number Answered

Percent of People with Each Score

Your Score History

You have not taken this quiz